000 00406nam a2200169Ia 4500
008 220531s9999 xx 000 0 und d
041 _aeng
082 _bWEI
100 _aWeinberg ,. Carl.
_965001
245 _aEducation & Social Problems.
260 _aPune
_bFree press
_c1971
300 _a350
542 _d03-05-2011
650 _aSociology
_965002
906 _d2011-2012
999 _c36828
_d36828